000 00544nam a2200193Ia 4500
005 20250508162229.0
008 008 250505s9999 xx 000 0 eng d
037 _aTextual
040 _aFEDL
_beng
_cFEDL
041 _aeng
_2eng
084 _a954.03, TYA
_qFEDL
100 _aTyagi M S
245 0 _aBritish administrative policy in India (June 1885- September 1903)
260 _aDelhi, India
_bS S Publishers
_c1982
300 _a120p
365 _aINR
_b65
942 _cTEXL
_h954.03, TYA
999 _c1375244
_d1375244